|
|
|
|
| LEADER |
01059nam a22002777a 4500 |
| 001 |
35319 |
| 003 |
BD-DhAAL |
| 005 |
20211129125357.0 |
| 008 |
190908t1989 nyua 001 0 eng d |
| 999 |
|
|
|c 41159
|d 41159
|
| 020 |
|
|
|a 0877202672
|
| 040 |
|
|
|a BD-DhAAL
|
| 082 |
|
|
|a 510.712
|
| 100 |
|
|
|a Dressler, Isidore.
|9 34234
|
| 245 |
|
|
|a Integrated mathematics :
|b course I /
|c Isidore Dressler and Edward P. Keenan.
|
| 250 |
|
|
|a Second edition
|
| 260 |
|
|
|a New York :
|b Amsco School Publications,
|c c1989
|
| 300 |
|
|
|a viii, 263 pages :
|b illustrations ;
|c 26 cm
|
| 526 |
|
|
|a BIED
|
| 541 |
|
|
|a Complimentary copy from BIED
|e 35319
|
| 650 |
|
|
|a Mathematics
|x Study and teaching (Secondary).
|9 34235
|
| 650 |
|
|
|a Mathematics.
|9 34236
|
| 700 |
|
|
|a Keenan, Edward P.
|9 34237
|
| 852 |
|
|
|a Ayesha Abed Library
|c General Stacks
|
| 942 |
|
|
|2 ddc
|c BK
|
| 952 |
|
|
|0 0
|1 0
|2 ddc
|4 0
|6 510_712000000000000_DRE
|7 0
|9 66191
|a BRACUL
|b BRACUL
|c GEN
|d 2019-09-08
|e Complimentary copy from BIED
|l 0
|o 510.712 DRE
|p 3010035319
|r 2019-09-08
|t 1
|w 2019-09-08
|y BK
|x Transferred from BIED to General Stacks
|